Statistics for 200 Takes Special!

Click here to take the quiz!

General Stats

  • This quiz has been taken 3 times
  • The average score is 4 of 13

Answer Stats

HintAnswer% Correct
What is a city in Germany starting with D?Dresden/Dusseldorf
100%
Name a city in Egypt starting with AAlexandria/Aswan
100%
What is Ringo's real name?Richard Starky
50%
Name a famous Austrian composerMozart/Beethoven
50%
Bonus-How many quiz takes do I have?222
50%
What Demon Days song is 1:07 long?Intro
0%
What is the first verse to 99 Luftballoons in English?Do you have some time for me?
0%
What is the second verse to 7 Nation Army?A seven nation army couldn't hold me back
0%
What is Marilyn Monroe's real name?Norma Jean
0%
What is Pewdiepie's real name?Felix Kjellberg
0%
Name the Czech king who had a bridge named after himCharles IV
0%
What is the name of the nowhere man?Jeremy
0%
Bonus-What is my quizmaster rank?11,264
0%

Score Distribution

Percentile by Number Answered

Percent of People with Each Score

Your Score History

You have not taken this quiz